| 000 | 01100cam a2200313 4500 | ||
|---|---|---|---|
| 008 | 000000n2000 000 0 eng u | ||
| 020 | _a041924980X | ||
| 035 | _a(Sirsi) u105525 | ||
| 041 | _aeng | ||
| 050 | _a690 | ||
| 100 | _aIllingworth, J R | ||
| 245 | _aConstruction methods and planning | ||
| 260 |
_aLondon _bE & FN Spon _c2000 |
||
| 300 | _axv, 427p. ; 25cm. | ||
| 350 | _a27.50 | ||
| 520 | _aThis second edition provides an introduction to the selection of construction methods, their planning and organisation on site. It features numerous examples and illustrations taken from real situations and sites. | ||
| 650 | _aBUILT ENVIRONMENT-BUILDING CONTRACT FORMS | ||
| 650 | _aBUILT ENVIRONMENT-BUILDING COSTS | ||
| 650 | _aBUILT ENVIRONMENT-CONSTRUCTION DESIGN | ||
| 650 | _aBUILT ENVIRONMENT | ||
| 650 | _aCONTRACT PLANNING | ||
| 650 | _aBUILT ENVIRONMENT-BUILDING ELEMENTS-COMPLETE BUILDING ELEMENTS-FOUNDATIONS | ||
| 650 | _aPLANT | ||
| 650 | _aSCAFFOLDING | ||
| 650 | _aSITE INSPECTION | ||
| 650 | _aTENDERING | ||
| 690 | _aBUILT ENVIRONMENT | ||
| 942 | _n0 | ||
| 999 |
_c100417 _d100417 |
||